| 000 | 00555nam a2200169Ia 4500 | ||
|---|---|---|---|
| 003 | LK-CoDNM | ||
| 008 | 010623t2011 xxu||||| |||| 00| 1 sin d | ||
| 040 |
_aLK-CoDNM _dLK-CoDNM _eLK-CoDNM |
||
| 041 | _asin | ||
| 080 | _a294.3 SUW | ||
| 100 |
_aPiyananda Himi,Wataraka _eed. |
||
| 245 | _aසූවිසි විවරණය හා දුමින්දාගමනය සමඟ ලංකා ඉතිහාසය | ||
| 246 | _aSuwisi Wiwaranaya ha Dumindagamanaya samaga Lanka Ithihasaya | ||
| 260 |
_b _c2011 |
||
| 300 | _b40, 21 cm | ||
| 942 | _cBK | ||
| 999 |
_c131914 _d131914 |
||